[Event "RLP-ch MTA"]
[Site "Kaiserslautern"]
[Date "2006.08.18"]
[Round "11"]
[White "Beller, Julian"]
[Black "Schenderowitsch, Michael"]
[Result "0-1"]
[WhiteElo "2108"]
[BlackElo "2251"]
[PlyCount "78"]
[EventDate "2006.08.11"]
[EventType "tourn"]
[EventRounds "11"]
[EventCountry "GER"]
[SourceTitle "EXT 2009"]
[Source "ChessBase"]
[SourceDate "2008.11.26"]
[SourceVersion "1"]
[SourceVersionDate "2008.11.26"]
[SourceQuality "1"]

1. e4 e6 2. d3 c5 3. Nd2 Nc6 4. Ngf3 g6 5. g3 Bg7 6. Bg2 Nge7 7. 0-0 0-0 8. Re1 d6 9. c3 b6 10. Nf1 Bb7 11. h4 Qd7 12. h5 Rae8 13. Bf4 h6 14. hxg6 Nxg6 15. Be3 Nce5 16. N1h2 f5 17. exf5 Rxf5 18. Nxe5 Nxe5 19. Bxb7 Qxb7 20. f4 Ng6 21. d4 cxd4 22. Bxd4 e5 23. Qg4 Qf7 24. fxe5 dxe5 25. Be3 Rf8 26. Rad1 Qe6 27. Qa4 R5f7 28. Ng4 Nf4 29. Nf2 Nh5 30. g4 Nf4 31. Rd2 Qg6 32. Qe4 Qg5 33. c4 h5 34. c5 hxg4 35. Nd3 Nh3+ 36. Kg2 Qh4 37. Bf2 Rxf2+ 38. Rxf2 Rxf2+ 39. Nxf2 Qxf2+ 0-1

[Event "RLP-ch MTA"]
[Site "Kaiserslautern"]
[Date "2006.08.17"]
[Round "9"]
[White "Beller, Julian"]
[Black "Armbrust, Florian"]
[Result "0-1"]
[WhiteElo "2108"]
[BlackElo "2278"]
[PlyCount "82"]
[EventDate "2006.08.11"]
[EventType "tourn"]
[EventRounds "11"]
[EventCountry "GER"]
[SourceTitle "EXT 2009"]
[Source "ChessBase"]
[SourceDate "2008.11.26"]
[SourceVersion "1"]
[SourceVersionDate "2008.11.26"]
[SourceQuality "1"]

1. e4 c5 2. Nf3 Nc6 3. d3 Nf6 4. Nbd2 d5 5. c3 e5 6. Be2 Be7 7. 0-0 0-0 8. Re1 d4 9. cxd4 cxd4 10. Nc4 Qc7 11. Bg5 b5 12. Bxf6 Bxf6 13. Ncd2 Be6 14. Nb3 Be7 15. Rc1 Qb6 16. Rxc6 Qxc6 17. Nxe5 Qb6 18. Bg4 Qd6 19. f4 Bf6 20. Bxe6 Bxe5 21. Bd5 Bxf4 22. Bxa8 Bxh2+ 23. Kf1 Rxa8 24. Qf3 Re8 25. Rc1 Be5 26. Rc5 a6 27. Rd5 Qh6 28. Qh3 Qf4+ 29. Qf3 Qh6 30. Qh3 Qf6+ 31. Ke2 g6 32. Qd7 Rf8 33. Nxd4 Qf4 34. Nf3 Bxb2 35. Qc6 Qg4 36. Rg5 Qc8 37. Rc5 Qg4 38. Rg5 Rc8 39. Qd6 Rc2+ 40. Ke3 Bc1+ 41. Kd4 Bxg5 0-1

[Event "GER-ch U18"]
[Site "Willingen"]
[Date "2006.06.04"]
[Round "3"]
[White "Kaufmann, Benjamin"]
[Black "Beller, Julian"]
[Result "1/2-1/2"]
[WhiteElo "1940"]
[BlackElo "2108"]
[PlyCount "49"]
[EventDate "2006.06.03"]
[EventType "swiss"]
[EventRounds "9"]
[EventCountry "GER"]
[SourceTitle "EXT 2007"]
[Source "ChessBase"]
[SourceDate "2006.11.23"]
[SourceVersion "1"]
[SourceVersionDate "2006.11.23"]
[SourceQuality "1"]

1. d4 Nf6 2. Nf3 e6 3. Bf4 b6 4. e3 Bb7 5. Nbd2 Be7 6. h3 c5 7. c3 Nc6 8. Bd3 d6 9. Bh2 0-0 10. 0-0 Re8 11. Qe2 Bf8 12. e4 cxd4 13. cxd4 g6 14. a3 Nh5 15. Rac1 Bh6 16. Rc2 d5 17. e5 a6 18. Rd1 Qe7 19. Nb3 Rec8 20. Ne1 Rf8 21. g4 Nf4 22. Bxf4 Bxf4 23. Ng2 Bh6 24. f4 Rfc8 25. Rdc1 1/2-1/2

[Event "GER-ch U18"]
[Site "Willingen"]
[Date "2006.06.03"]
[Round "1"]
[White "Huschenbeth, Niclas"]
[Black "Beller, Julian"]
[Result "1/2-1/2"]
[WhiteElo "2293"]
[BlackElo "2108"]
[PlyCount "109"]
[EventDate "2006.06.03"]
[EventType "swiss"]
[EventRounds "9"]
[EventCountry "GER"]
[SourceTitle "EXT 2007"]
[Source "ChessBase"]
[SourceDate "2006.11.23"]
[SourceVersion "1"]
[SourceVersionDate "2006.11.23"]
[SourceQuality "1"]

1. e4 c5 2. Nf3 e6 3. d4 cxd4 4. Nxd4 a6 5. Bd3 Qc7 6. 0-0 Nf6 7. c4 d6 8. Nc3 Nbd7 9. f4 b6 10. Qe2 Bb7 11. Nd5 exd5 12. exd5+ Kd8 13. g4 Nc5 14. Bc2 g6 15. b4 Bg7 16. Bb2 Re8 17. Qg2 Ne6 18. Nc6+ Bxc6 19. dxc6 Rc8 20. f5 Qxc6 21. Qxc6 Rxc6 22. fxe6 Rxe6 23. Bb3 Ke7 24. c5 bxc5 25. Bxe6 fxe6 26. bxc5 dxc5 27. Rf3 Ne8 28. Bxg7 Nxg7 29. Rb1 Kd6 30. Rf7 Ne8 31. Kf2 Ke5 32. Kf3 Nd6 33. Rxh7 Kd4 34. Ke2 c4 35. Rd1+ Ke4 36. Rh3 Nb5 37. Re3+ Kf4 38. h3 c3 39. Rf1+ Kg5 40. Kd1 Nd4 41. Re4 Rc4 42. Rfe1 Rb4 43. Kc1 c2 44. Rxd4 Rxd4 45. Re5+ Kf6 46. Ra5 g5 47. Rxa6 Rc4 48. Rb6 Ke5 49. Rb2 Rc3 50. Rxc2 Rxh3 51. Rc5+ Kf4 52. Rc4+ Ke5 53. a4 Kd5 54. Rb4 e5 55. Kd2 1/2-1/2

[Event "SJRP-ch U14"]
[Site "Germany"]
[Date "2002.04.06"]
[Round "7"]
[White "Beller, Julian"]
[Black "Ollenberger, Roland"]
[Result "0-1"]
[WhiteElo "1615"]
[BlackElo "1528"]
[PlyCount "74"]
[EventDate "2002.04.02"]
[EventType "swiss"]
[EventRounds "7"]
[EventCountry "GER"]
[SourceTitle "EXT 2003"]
[Source "ChessBase"]
[SourceDate "2002.11.25"]
[SourceVersion "1"]
[SourceVersionDate "2002.11.25"]
[SourceQuality "1"]

1. c4 c5 2. g3 g6 3. Bg2 Bg7 4. Nc3 d6 5. d3 Nc6 6. a3 a6 7. e4 e6 8. Nge2 Nge7 9. 0-0 0-0 10. f4 Rb8 11. a4 Nb4 12. Be3 Nec6 13. Rc1 a5 14. b3 Re8 15. d4 cxd4 16. Bxd4 Nxd4 17. Nxd4 Qb6 18. Ncb5 e5 19. c5 dxc5 20. Ne2 c4+ 21. Kh1 cxb3 22. Qxb3 Be6 23. Qf3 Rbd8 24. fxe5 Bxe5 25. Nf4 Bxf4 26. gxf4 Rd3 27. Qe2 Re3 28. Qf2 Nd3 29. Qg1 Nxc1 30. Rxc1 Rc8 31. Rxc8+ Bxc8 32. Nc3 Qd4 33. Nd5 Rd3 34. Ne7+ Kf8 35. Nxc8 Rd1 36. Bf1 Qxe4+ 37. Qg2 Rxf1# 0-1

[Event "SJRP-ch U14"]
[Site "Germany"]
[Date "2002.04.04"]
[Round "5"]
[White "Kopp, Bjoern"]
[Black "Beller, Julian"]
[Result "1/2-1/2"]
[WhiteElo "1683"]
[BlackElo "1615"]
[PlyCount "47"]
[EventDate "2002.04.02"]
[EventType "swiss"]
[EventRounds "7"]
[EventCountry "GER"]
[SourceTitle "EXT 2003"]
[Source "ChessBase"]
[SourceDate "2002.11.25"]
[SourceVersion "1"]
[SourceVersionDate "2002.11.25"]
[SourceQuality "1"]
[WhiteTeam "Schwarzenbach"]
[WhiteTeamCountry "GER"]

1. f4 e6 2. Nf3 d5 3. g3 Bc5 4. b3 Nf6 5. e3 0-0 6. Bb2 c6 7. Nc3 Nbd7 8. d4 Bd6 9. Bd3 a6 10. Rg1 Ng4 11. Qe2 f5 12. h3 Ngf6 13. g4 fxg4 14. hxg4 c5 15. Nd1 b5 16. dxc5 Bxc5 17. Bd4 Bd6 18. Nf2 Qc7 19. Rh1 g6 20. g5 Nh5 21. Ng4 Re8 22. Qh2 Bb4+ 23. Kf2 Bd6 24. Rac1 1/2-1/2

[Event "SJRP-ch U14"]
[Site "Germany"]
[Date "2002.04.03"]
[Round "2"]
[White "Janke, Christian"]
[Black "Beller, Julian"]
[Result "0-1"]
[WhiteElo "1428"]
[BlackElo "1615"]
[PlyCount "164"]
[EventDate "2002.04.02"]
[EventType "swiss"]
[EventRounds "7"]
[EventCountry "GER"]
[SourceTitle "EXT 2003"]
[Source "ChessBase"]
[SourceDate "2002.11.25"]
[SourceVersion "1"]
[SourceVersionDate "2002.11.25"]
[SourceQuality "1"]

1. e4 c5 2. Nf3 e6 3. d4 cxd4 4. Nxd4 a6 5. Nc3 Qc7 6. g3 Bb4 7. Bd2 b5 8. Bg2 Bb7 9. 0-0 Bc5 10. Be3 Nf6 11. f3 Qb6 12. Re1 Nc6 13. Nce2 e5 14. c3 exd4 15. cxd4 Bb4 16. Rf1 0-0 17. Qb3 Qa5 18. d5 Ne5 19. a4 Bd2 20. axb5 Bxe3+ 21. Qxe3 Qxb5 22. Nd4 Qb4 23. Nf5 Ng6 24. b3 Rfc8 25. Ra4 Qc5 26. Rd4 Re8 27. Re1 Qb6 28. Qd2 Rab8 29. Kh1 h6 30. Rb4 Qa5 31. Qd4 Rec8 32. Ra1 Qc5 33. Qxc5 Rxc5 34. Nd6 Rc7 35. Kg1 Ne8 36. Rxa6 Nxd6 37. Rxd6 Rbc8 38. h4 Ne5 39. Kh2 Ba8 40. Rdb6 Rc2 41. Kh3 Nd3 42. Rc4 R2xc4 43. bxc4 Kf8 44. Bf1 Ne5 45. Kg2 Ke7 46. Ra6 Bxd5 47. cxd5 Rc2+ 48. Kh3 Nxf3 49. Bb5 h5 50. g4 Rc3 51. Rb6 Nd4+ 52. Kg2 Rb3 53. d6+ Kf6 54. g5+ Ke5 55. Rb7 Rb2+ 56. Kg3 Nxb5 57. Rxd7 Nxd6 58. Kf3 Rb3+ 59. Ke2 Nxe4 60. Rxf7 Ng3+ 61. Kf2 Nf5 62. Ra7 Rb4 63. Ra5+ Kf4 64. Ra3 Nxh4 65. Ke2 Kxg5 66. Ra7 g6 67. Ra5+ Kf4 68. Kd2 g5 69. Ke2 Nf5 70. Ra8 g4 71. Rh8 h4 72. Rg8 h3 73. Rh8 Kg3 74. Kf1 Kf3 75. Ke1 Kg2 76. Rh5 h2 77. Rxf5 h1Q+ 78. Ke2 Rb2+ 79. Ke3 Qe1+ 80. Kd4 Qb4+ 81. Ke5 Qc5+ 82. Kf6 Rf2 0-1

[Event "SJRP-ch U14"]
[Site "Germany"]
[Date "2002.04.02"]
[Round "1"]
[White "Beller, Julian"]
[Black "Mueller, Simon1111"]
[Result "1-0"]
[WhiteElo "1615"]
[BlackElo "1513"]
[PlyCount "43"]
[EventDate "2002.04.02"]
[EventType "swiss"]
[EventRounds "7"]
[EventCountry "GER"]
[SourceTitle "EXT 2003"]
[Source "ChessBase"]
[SourceDate "2002.11.25"]
[SourceVersion "1"]
[SourceVersionDate "2002.11.25"]
[SourceQuality "1"]

1. c4 c5 2. g3 Nf6 3. Bg2 e6 4. Nc3 d5 5. cxd5 exd5 6. e3 Bg4 7. Qb3 c4 8. Qxb7 Nbd7 9. Nxd5 Rb8 10. Nxf6+ Nxf6 11. Qc6+ Bd7 12. Qxc4 Rc8 13. Qf4 Nh5 14. Qe5+ Be6 15. Qxh5 g5 16. Qe2 Bc4 17. Qg4 Bb4 18. Qe4+ Kf8 19. Nf3 a5 20. Qd4 Ke7 21. Qxd8+ Rhxd8 22. Nxg5 1-0

[Event "GER-chT U12"]
[Site "Verden"]
[Date "2000.12.30"]
[Round "2.3"]
[White "Beller, Julian"]
[Black "Fuchs, Maria"]
[Result "1-0"]
[WhiteElo "971"]
[BlackElo "711"]
[PlyCount "51"]
[EventDate "2000.12.26"]
[EventType "team"]
[EventRounds "7"]
[EventCountry "GER"]
[SourceTitle "EXT 2008"]
[Source "ChessBase"]
[SourceDate "2007.11.25"]
[SourceVersion "1"]
[SourceVersionDate "2007.11.25"]
[SourceQuality "1"]
[WhiteTeam "Limburgerhof U12"]
[BlackTeam "Leipzig Lok Mitte U12"]
[WhiteTeamCountry "GER"]
[BlackTeamCountry "GER"]

1. c4 c5 2. g3 g6 3. Bg2 Nf6 4. e3 d6 5. Ne2 Bg7 6. Nbc3 0-0 7. d3 Nbd7 8. b3 Rb8 9. Bb2 b6 10. e4 Bb7 11. 0-0 Re8 12. Rb1 Bc6 13. Nf4 e6 14. Nb5 Bxb5 15. cxb5 e5 16. Ne2 Nf8 17. Qd2 Ne6 18. Kh1 Qc7 19. Rbc1 Qd7 20. f4 Bh6 21. a4 Rbc8 22. Bh3 d5 23. Bxe5 Kg7 24. g4 Nf8 25. Bxf6+ Kxf6 26. g5+ 1-0

[Event "GER-chT U12"]
[Site "Verden"]
[Date "2000.12.30"]
[Round "5.3"]
[White "Gergs, Raphael"]
[Black "Beller, Julian"]
[Result "0-1"]
[WhiteElo "501"]
[BlackElo "971"]
[PlyCount "112"]
[EventDate "2000.12.26"]
[EventType "team"]
[EventRounds "7"]
[EventCountry "GER"]
[SourceTitle "EXT 2008"]
[Source "ChessBase"]
[SourceDate "2007.11.25"]
[SourceVersion "1"]
[SourceVersionDate "2007.11.25"]
[SourceQuality "1"]
[WhiteTeam "Schiffweiler U12"]
[BlackTeam "Limburgerhof U12"]
[WhiteTeamCountry "GER"]
[BlackTeamCountry "GER"]

1. e4 c5 2. d4 cxd4 3. Qxd4 Nc6 4. Qc4 e6 5. Nf3 a6 6. Nc3 b5 7. Qd3 Bb7 8. Qe3 Nb4 9. Bd3 Nxd3+ 10. Qxd3 Be7 11. 0-0 Nf6 12. e5 Nd5 13. Nxd5 Bxd5 14. Bg5 Bxg5 15. Rad1 Be7 16. Qd2 d6 17. Rfe1 dxe5 18. Nxe5 0-0 19. Nd3 Qb6 20. Nb4 Bxb4 21. Qxb4 Qc6 22. Qg4 Qxc2 23. Re3 Qxb2 24. h3 Qf6 25. Rdd3 Qg6 26. Qxg6 hxg6 27. h4 Rfd8 28. Rh3 Be4 29. Rde3 Bf5 30. Rh1 Rd1+ 31. Kh2 Rxh1+ 32. Kxh1 Rc8 33. Kh2 Rc4 34. g3 Rd4 35. Rc3 Rc4 36. Re3 Ra4 37. a3 Rd4 38. Rc3 Rd3 39. Rc8+ Kh7 40. a4 bxa4 41. Ra8 Rd6 42. Rb8 a3 43. Rb4 a2 44. Ra4 Bb1 45. Kg2 Rd1 46. Kh2 f6 47. Rxa6 e5 48. g4 Rd4 49. Kg3 Kg8 50. g5 Kf7 51. Ra7+ Ke6 52. Ra6+ Kd5 53. gxf6 gxf6 54. f3 Kc4 55. Rxf6 a1Q 56. Rxg6 Bxg6 0-1